| 000 | 00662nam a2200229Ia 4500 | ||
|---|---|---|---|
| 008 | 160621s9999 xx 000 0 und d | ||
| 020 | _a81-224-1508-3 | ||
| 050 | _aComSc QA 267.7 | ||
| 050 | _b.X38 2004 | ||
| 100 | _aXavier, S.P. Eugene. | ||
| 245 | _aTheory of automata, formal languages and computation / | ||
| 245 | _cS.P. Eugene Xavier. | ||
| 260 | _aNew Delhi : | ||
| 260 | _bNew Age International Limited Pub., | ||
| 260 | _c2004 | ||
| 300 | _a347 pages : | ||
| 300 | _billustrations ; | ||
| 300 | _c24 cm. | ||
| 500 | _aIncludes bibliographical references and index. | ||
| 650 | _aComputational complexity. | ||
| 650 | _xMachine theory. | ||
| 999 |
_c296108 _d296108 |
||